000
00280nam a2200109Ia 4500
008
220204s9999 xx 000 0 und d
082
_a
541.2
_b
CHA
100
_a
Chandra, A K
245
0
_a
Introductory quantum chemistry
260
_a
New Delhi
_b
Tata McGraw Hill
_c
1974
942
_c
BK
999
_c
23634
_d
23634